Movies Quiz

Random Movies or Nominee Quiz

Oscar Nominees (2008) Quiz Stats

 Plays Quiz Updated Jul 2, 2019

Score 0/30 Timer 08:00
0 Plays Today
Category Nominee % Correct
Best PictureSlumdog Millionaire
81.1%
ActressKate Winslet
70.1%
ActorBrad Pitt
65.9%
ActorSean Penn
65.4%
Best PictureMilk
63%
ActressMeryl Streep
61.8%
Best PictureThe Curious Case of Benjamin Button
60.1%
Supporting ActorHeath Ledger
58.1%
Best PictureThe Reader
58.1%
ActorMickey Rourke
49.7%
DirectorDanny Boyle
45.4%
Best PictureFrost/Nixon
43.5%
ActressAngelina Jolie
42%
Supporting ActressAmy Adams
40.3%
Supporting ActressPenelope Cruz
40.3%
Category Nominee % Correct
ActressAnne Hathaway
36.7%
Supporting ActorPhilip Seymour Hoffman
36.1%
ActorFrank Langella
31.7%
DirectorRon Howard
30.2%
Supporting ActorRobert Downey Jr.
28.1%
DirectorGus Van Sant
26%
Supporting ActorJosh Brolin
25.2%
Supporting ActressViola Davis
25.1%
ActressMelissa Leo
25%
DirectorDavid Fincher
24.9%
Supporting ActressMarisa Tomei
24.5%
Supporting ActressTaraji P. Henson
20.7%
ActorRichard Jenkins
19.4%
Supporting ActorMichael Shannon
14.8%
DirectorStephen Daldry
13.6%

You're not logged in!

Compare scores with friends on all Sporcle quizzes.
OR
Log In

Sporcle TV

Today on Sporcle TV


Watch our educational content, quiz creation guides, and fun videos on Sporcle TV.

Show Comments

Extras

Top Quizzes Today


Score Distribution

Your Account Isn't Verified!

In order to create a playlist on Sporcle, you need to verify the email address you used during registration. Go to your Sporcle Settings to finish the process.

Report this User

Report this user for behavior that violates our Community Guidelines.

Details: